A propósito de la ley general de electricidad

Gorde:
Xehetasun bibliografikoak
Formatua: Texto
Gaiak:
Etiketak: Etiketa erantsi
Etiketarik gabe, Izan zaitez lehena erregistro honi etiketa jartzen!

MARC

LEADER 00000 a a2200000 04500
001 6014
003
040
245 |a A propósito de la ley general de electricidad  
650 |a ENERGIA ELECTRICA  
650 |a LEGISLACION  
650 |a SERVICIOS PUBLICOS  
650 |a PRIVATIZACION  
650 |a PRECIOS  
650 |a ESTADO  
650 |a OPINION PUBLICA  
773 |g volumen 16, número 687; páginas 6-7  
999 |c 39524  |d 39524